Allpanchis : (Registro nro. 21973)

Detalles MARC
000 -Cabecera
Campo de control interno 00856nam a2200277Ia 4500
005 - Fecha y hora del registro
control field 20260320113330.0
008 - Elementos de Longitud Fija
fixed length control field 260320s9999||||xx |||||||||||||| ||und||
022 ## - ISSN
ISSN 02528835
041 ## - Idioma
Codigo Idioma ESP
082 ## - DEWEY y NOTACIÓN INTERNA
Dewey HR 261.8 N° 95 2025
Notación Interna ALLPANCHIS
100 ## - AUTOR
Autor denominación
Término de relación
110 ## - AUTOR INSTTITUCIONAL
Autor Institucional Universidad Católica San Pablo
245 #0 - TÍTULO DE MATERIAL BIBLIOGRÁFICO
Título Allpanchis :
Título paralelo revista de estudios andinos
246 ## - TÍTULO TRADUCIDO
Título
Título paralelo
Autor
260 ## - CIUDAD, EDITORIAL, AÑO
Ciudad Arequipa :
Nombre de la Editorial Universidad Católica San Pablo. Centro de Estudios Peruanos,
Año 2025
300 ## - DESCRIPCIÓN
N° Páginas 324 páginas :
Otros detalles fotografías, cuadros ;
Dimensiones 20 cm.
Material Adicional
440 ## - MENCIÓN DE SERIE
Título de la Serie
Número de Serie
Volumen de Serie
505 ## - TABLA DE CONTENIDO
Tabla de Contenido N° 95 (Enero-Junio, 2025)
650 ## - TEMAS
Temas Religión
653 ## - DESCRIPTORES
Lenguajes no controlado Antropología - Revista
654 ## - PROGRAMAS
Programa Dpto. de Humanidades
700 ## - OTROS AUTORES
Otros autores
Títulos y otras palabras asociadas con el nombre
856 ## - URL - UBICACIÓN
URI/URL: Enlace exacto del recurso <a href="https://revistas.ucsp.edu.pe/index.php/Allpanchis/issue/view/158">https://revistas.ucsp.edu.pe/index.php/Allpanchis/issue/view/158</a>
Nota pública: Versión digital <a href="Versión digital">Versión digital</a>
942 ## - ELEMENTOS DE KOHA
Tipo de documento Revista
Nombre del creador Justo Noguera
Código de catalogador Margarita Torres
Esquema de clasificación Dewey Decimal Classification
Suppress in OPAC
Existencias
Codigo completo Registro Colección Copia número Disponibilidad Tipo de préstamo Biblioteca Actual Procedencia (Biblioteca) Ubicacón Fecha Ingreso Tipo de Adquisición Observación Date last seen Total checkouts Price effective from Tipo de Item Estado del Material Fuente de Clasificación Damaged status Withdrawn status
HR 261.8 N° 95 2025 ALLPANCHIS 1086542 Universidad Católica San Pablo 1 Disponible Disponible Víctor Andrés Belaunde Víctor Andrés Belaunde Planta baja abierta 10/03/2026 Donación Fondo Editorial UCSP 20/03/2026   20/03/2026 Revista Bueno Dewey Decimal Classification